000 00741nam a22001937a 4500
003 OSt
005 20251105045453.0
008 251105b |||||||| |||| 00| 0 eng d
020 _a978-621-427-010-1
040 _aDWCL-Main lib
_cOC
082 _aFil. 363.7 M492e 2018
100 _aMendoza, Ernesto H.
245 _aEnvironmental management:
_bconcepts, principles and practices with introduction to Philippine EIS systems/
_cErnesto H. Mendoza
260 _aManila, Philippines :
_bUnlimited books library services & publishing inc. ,
_c c2018.
300 _axiii, 253 pages :
_billustrations
_c25cm.
504 _aIncludes bibliographical references
650 _a1. Environmental management
942 _2ddc
_cBK - FIL
_kFil.
_n0
999 _c5478
_d5478